000 00311nam a2200145Ia 4500
100 _aHanson/ Harry .L.
942 _cBK
654 _aMarketing
245 _aMarketing :Text & Techiques
260 _bD.B.Taraporevala & Sons
082 _a658.8
_bHAN
300 _a1024
546 _aENGLISH
999 _c29334
_d29334